00683nam a22001577a 4500003000900000005001700009007000300026008004100029040002500070082001400095110013600109245012900245260008900374300002400463505003800487DO-SdBNP20220920102752.0ta210830b2006 a|||| |||| 00| 0 spa  aDO-SdBNPbspacBNPHU 222bR426r01aRepública Dominicana.bSecretaría de Estado de Obras Públicas y Comunicaciones .Dirección General de Reglamentos y Sistemas01aRequerimientos de aplicación del reglamento general de edificaciones y tramitación de planos :bR-021 Decreto No.576-06  aSanto Domingo :bSecretaría de Estado de Obras Públicas y Comunicaciones,c2006. a49 p. ; b c27 cm. aArt. 8 .- Formato del Reglamento